Adaptive Information Filtering concepts and algorithms- (E-BOOK) (Record no. 191560)
[ view plain ]
| 000 -LEADER | |
|---|---|
| fixed length control field | 00569 a2200157 4500 |
| 003 - CONTROL NUMBER IDENTIFIER | |
| control field | Nust |
| 005 - DATE AND TIME OF LATEST TRANSACTION | |
| control field | 20170207154018.0 |
| 020 ## - INTERNATIONAL STANDARD BOOK NUMBER | |
| International Standard Book Number | 9090159266 |
| 040 ## - CATALOGING SOURCE | |
| Transcribing agency | Nust |
| 082 ## - DEWEY DECIMAL CLASSIFICATION NUMBER | |
| Classification number | 519.4 |
| 245 ## - TITLE STATEMENT | |
| Title | Adaptive Information Filtering concepts and algorithms- (E-BOOK) |
| 260 ## - PUBLICATION, DISTRIBUTION, ETC. | |
| Place of publication, distribution, etc. | New York |
| Name of publisher, distributor, etc. | Addison-Wesley |
| Date of publication, distribution, etc. | 2000 |
| 300 ## - PHYSICAL DESCRIPTION | |
| Extent | 180 p. |
| 505 ## - FORMATTED CONTENTS NOTE | |
| Formatted contents note | Introduction(Page-1), Document representations employing n-grams (Page-15), Two-pool evolutionary algorithm (Page-35), Evolutionary classification (Page-53), Neural classification (Page-73), Conclusion (Page-101 |
| 650 ## - SUBJECT ADDED ENTRY--TOPICAL TERM | |
| Topical term or geographic name entry element | E-BOOK |
| 942 ## - ADDED ENTRY ELEMENTS (KOHA) | |
| Source of classification or shelving scheme | |
| Koha item type | Book |
| Withdrawn status | Lost status | Source of classification or shelving scheme | Damaged status | Not for loan | Collection code | Permanent Location | Current Location | Date acquired | Total Checkouts | Full call number | Barcode | Date last seen | Price effective from | Koha item type |
|---|---|---|---|---|---|---|---|---|---|---|---|---|---|---|
| Military College of Signals (MCS) | Military College of Signals (MCS) | 12/12/2016 | 519.4 ADA | MCSEB-844 | 12/08/2016 | 12/12/2016 | Book |
